Central Library OPAC University of Rajshahi

The China Hands' legacy : (Record no. 58609)

MARC details
000 -LEADER
fixed length control field 01006nam a2200277 a 4500
001 - CONTROL NUMBER
control field 58609
003 - CONTROL NUMBER IDENTIFIER
rucl marc code BD-RjUL
005 - DATE AND TIME OF LATEST TRANSACTION
control field 20211209080635.0
008 - FIXED-LENGTH DATA ELEMENTS--GENERAL INFORMATION
fixed length control field 161219s1987 enk b 001 0 eng
020 ## - INTERNATIONAL STANDARD BOOK NUMBER
International Standard Book Number 0813302242 (alk. paper) :
Terms of availability $24.00
035 ## - SYSTEM CONTROL NUMBER
System control number (BD-RjUL)58733
040 ## - CATALOGING SOURCE
Original cataloging agency DLC
Transcribing agency DLC
Modifying agency BD-RjUL
Language of cataloging eng
041 ## - LANGUAGE CODE
Language code of text/sound track or separate title eng
082 00 - DEWEY DECIMAL CLASSIFICATION NUMBER
Classification number 327.51073
Edition number 23
Author mark and year CHI 1987
245 14 - TITLE STATEMENT
Title The China Hands' legacy :
Remainder of title ethics and diplomacy /
Statement of responsibility, etc. edited by Paul Gordon Lauren.
260 ## - PUBLICATION, DISTRIBUTION, ETC. (IMPRINT)
Place of publication, distribution, etc. Boulder :
Name of publisher, distributor, etc. Westview Press,
Date of publication, distribution, etc. c1987.
300 ## - PHYSICAL DESCRIPTION
Pagination xi, 196 p. ;
Size 24 cm.
504 ## - BIBLIOGRAPHY, ETC. NOTE
Bibliography, etc Includes bibliographies and index.
650 #0 - SUBJECT ADDED ENTRY--TOPICAL TERM
Topical term or geographic name as entry element Diplomacy
General subdivision Moral and ethical aspects.
9 (RLIN) 174161
651 #0 - SUBJECT ADDED ENTRY--GEOGRAPHIC NAME
Geographic name United States
General subdivision Foreign relations
Geographic subdivision China.
9 (RLIN) 172613
Geographic name China
General subdivision Foreign relations
Geographic subdivision United States.
9 (RLIN) 172614
700 1# - ADDED ENTRY--PERSONAL NAME
Personal name Lauren, Paul Gordon.
856 42 - ELECTRONIC LOCATION AND ACCESS
Materials specified Contributor biographical information
Uniform Resource Identifier <a href="http://www.loc.gov/catdir/enhancements/fy0831/86011193-b.html">http://www.loc.gov/catdir/enhancements/fy0831/86011193-b.html</a>
942 ## - ADDED ENTRY ELEMENTS (KOHA)
Source of classification or shelving scheme Dewey Decimal Classification
Koha item type Books
Holdings
Lost status Source of classification or shelving scheme Damaged status Not for loan Collection code Permanent Location Current Location Shelving location Date acquired Source of acquisition Total Checkouts Full call number Date last seen Copy number Koha item type
  Dewey Decimal Classification   Not For Loan Non-fiction Central Library, University of Rajshahi Central Library, University of Rajshahi Reading Room 17/04/1989 Asia foundation   327.51073 CHI 1987 19/12/2016 C-1 Books